| 000 | 00537cam a2200181 4500500 | ||
|---|---|---|---|
| 005 | 20260329001743.0 | ||
| 041 | _afre | ||
| 042 | _adc | ||
| 100 | 1 | 0 |
_aChapuis, Émilie _eauthor |
| 245 | 0 | 0 | _aAristote. Maître ès réalités |
| 260 | _c2009. | ||
| 500 | _a31 | ||
| 690 | _aIdéalisme | ||
| 690 | _aNature | ||
| 690 | _aRéalité | ||
| 786 | 0 | _nPhilosophie magazine | 27 | 3 | 2009-03-01 | p. 25-25 | 1951-1787 | |
| 856 | 4 | 1 | _uhttps://shs.cairn.info/magazine-philosophie-magazine-2009-3-page-25?lang=fr&redirect-ssocas=7080 |
| 999 |
_c1808295 _d1808295 |
||